000 00503nam a2200133 a 4500
008 120416s1960 ||||||||||||||||| || u
050 _aB 41 Urm
100 _aUrmson, James Opie
245 1 4 _aThe concise encyclopaedia of Western philosophy and philosophers
_cedited by James Opie Urmson
260 _aLondon
_bHutchison
_c1960
300 _a431p. : ill.
350 _a0.00
995 _D0.00
_FCBU-MAIN LIBRARY (Kitwe)
_H1
_I0.00
_M1
_UDAMAGED
_ZReference Collection
999 _c38357
_d38357